<?xml version="1.0" encoding="UTF-8"?>
<record
    xmlns:xsi="http://www.w3.org/2001/XMLSchema-instance"
    xsi:schemaLocation="http://www.loc.gov/MARC21/slim http://www.loc.gov/standards/marcxml/schema/MARC21slim.xsd"
    xmlns="http://www.loc.gov/MARC21/slim">

  <leader>02435nam a2200337 i 4500</leader>
  <controlfield tag="003">DO-SdBNP</controlfield>
  <controlfield tag="005">20250813093228.0</controlfield>
  <controlfield tag="007">ta</controlfield>
  <controlfield tag="008">250813b2025    dr co||| |||| 001 0 spa d</controlfield>
  <datafield tag="020" ind1=" " ind2=" ">
    <subfield code="a">9789945629545</subfield>
  </datafield>
  <datafield tag="040" ind1=" " ind2=" ">
    <subfield code="a">DO-SdBNP</subfield>
    <subfield code="b">spa</subfield>
    <subfield code="c">BNPHU</subfield>
    <subfield code="e">rda</subfield>
  </datafield>
  <datafield tag="041" ind1=" " ind2=" ">
    <subfield code="a">spa</subfield>
  </datafield>
  <datafield tag="082" ind1=" " ind2=" ">
    <subfield code="a">xxx</subfield>
    <subfield code="b">T913</subfield>
    <subfield code="2">22</subfield>
  </datafield>
  <datafield tag="100" ind1="1" ind2=" ">
    <subfield code="a">Tueni, Emely</subfield>
    <subfield code="e">autora</subfield>
    <subfield code="4">aut.</subfield>
    <subfield code="9">30255</subfield>
  </datafield>
  <datafield tag="245" ind1="1" ind2="0">
    <subfield code="a">Detalles de mi vida /</subfield>
    <subfield code="c">Emely Tueni ; pr&#xF3;logo, Rafael L. Solano</subfield>
  </datafield>
  <datafield tag="250" ind1=" " ind2=" ">
    <subfield code="a">Primera edici&#xF3;n</subfield>
  </datafield>
  <datafield tag="264" ind1=" " ind2="4">
    <subfield code="a">Santo Domingo : </subfield>
    <subfield code="b">Banco Central, </subfield>
    <subfield code="c">&#xA9;2025.</subfield>
  </datafield>
  <datafield tag="300" ind1=" " ind2=" ">
    <subfield code="a">295 P&#xE1;ginas : </subfield>
    <subfield code="b">retratos, fotograf&#xED;as</subfield>
    <subfield code="c">23 cm.</subfield>
  </datafield>
  <datafield tag="336" ind1=" " ind2=" ">
    <subfield code="a">texto</subfield>
    <subfield code="b">txt</subfield>
    <subfield code="2">rdacontent</subfield>
  </datafield>
  <datafield tag="337" ind1=" " ind2=" ">
    <subfield code="a">sin mediaci&#xF3;n</subfield>
    <subfield code="b">n</subfield>
    <subfield code="2">rdamedia</subfield>
  </datafield>
  <datafield tag="338" ind1=" " ind2=" ">
    <subfield code="a">volumen</subfield>
    <subfield code="b">nc</subfield>
    <subfield code="2">rdacarrier</subfield>
  </datafield>
  <datafield tag="490" ind1="1" ind2=" ">
    <subfield code="a">Banco Central de la Rep&#xFA;blica Dominicana</subfield>
    <subfield code="v">325</subfield>
  </datafield>
  <datafield tag="490" ind1="1" ind2=" ">
    <subfield code="a">Arte y Literatura</subfield>
    <subfield code="v">124</subfield>
  </datafield>
  <datafield tag="500" ind1=" " ind2=" ">
    <subfield code="a">Incluye datos biograf&#xED;cos de la autora en las solapas. </subfield>
  </datafield>
  <datafield tag="500" ind1=" " ind2=" ">
    <subfield code="a">Incluye &#xED;ndice onom&#xE1;stico. </subfield>
  </datafield>
  <datafield tag="520" ind1=" " ind2=" ">
    <subfield code="a">Creo que resulta muy modesto el t&#xED;tulo Detalles de mi vida, que la conocida periodista Emely Tueni Brinz ha escogido para titular su libro de memorias, ya que es algo m&#xE1;s que la historia de los suyos, una familia de inmigrantes libaneses a la Rep&#xFA;blica Dominicana durante los a&#xF1;os cuarenta del siglo pasado. Con una prosa muy propia de quien ha ejercido durante largo tiempo el oficio de cronista, la autora narra el proceso de llegada de los Tueni al pa&#xED;s, su aclimataci&#xF3;n a nuestra idiosincrasia y luego su asentamiento como dominicanos de origen &#xE1;rabe, dedicados a los negocios, a trav&#xE9;s de peque&#xF1;as empresas en las que fueron hombres y mujeres pr&#xF3;speros.
Las memorias de Emely Tueni poseen el encanto de quien ha vivido mucho, entre sue&#xF1;os y realidades palpables, y sabe contar lo que aprendi&#xF3; de cada experiencia para seguir adelante y crecer, en un
&#xE1;mbito urbano todav&#xED;a medio aldeano, poblado de gente con aspiraciones de superaci&#xF3;n y valores compartidos, que hoy ella recuerda con nostalgia, solaz&#xE1;ndose en pormenores y an&#xE9;cdotas sobre figuras
p&#xFA;blicas admirables. Pero sobre todo su vida &#xED;ntima, la adoraci&#xF3;n por sus parientes, su matrimonio con el comunicador y periodista Federico Astwood (1944-1998), con su segundo esposo, el gran artista pl&#xE1;stico
Iv&#xE1;n Tovar (1942-2020), y los frutos del amor compartido.</subfield>
  </datafield>
  <datafield tag="590" ind1=" " ind2=" ">
    <subfield code="a">Inventariado, 2025/ YL</subfield>
  </datafield>
  <datafield tag="700" ind1="1" ind2=" ">
    <subfield code="a">Solano, Rafael L</subfield>
    <subfield code="e">prologuista</subfield>
    <subfield code="4">pr.</subfield>
    <subfield code="9">85685</subfield>
  </datafield>
  <datafield tag="910" ind1=" " ind2=" ">
    <subfield code="a">Ylockward</subfield>
  </datafield>
  <datafield tag="942" ind1=" " ind2=" ">
    <subfield code="2">ddc</subfield>
    <subfield code="c">LBS1</subfield>
  </datafield>
  <datafield tag="952" ind1=" " ind2=" ">
    <subfield code="0">0</subfield>
    <subfield code="1">0</subfield>
    <subfield code="2">ddc</subfield>
    <subfield code="5">1</subfield>
    <subfield code="7">0</subfield>
    <subfield code="8">PD</subfield>
    <subfield code="a">BNPHU</subfield>
    <subfield code="b">BNPHU</subfield>
    <subfield code="c">CT</subfield>
    <subfield code="d">2025-07-01</subfield>
    <subfield code="e">Dep&#xF3;sito Legal Banco Central</subfield>
    <subfield code="l">0</subfield>
    <subfield code="o">BNPHU PD xxx T913</subfield>
    <subfield code="p">2025-8383</subfield>
    <subfield code="r">2025-08-13</subfield>
    <subfield code="w">2025-08-13</subfield>
    <subfield code="y">LBS1</subfield>
  </datafield>
  <datafield tag="952" ind1=" " ind2=" ">
    <subfield code="0">0</subfield>
    <subfield code="1">0</subfield>
    <subfield code="2">ddc</subfield>
    <subfield code="5">1</subfield>
    <subfield code="7">0</subfield>
    <subfield code="8">PD</subfield>
    <subfield code="a">BNPHU</subfield>
    <subfield code="b">BNPHU</subfield>
    <subfield code="c">CT</subfield>
    <subfield code="d">2025-07-01</subfield>
    <subfield code="e">Dep&#xF3;sito Legal Banco Central</subfield>
    <subfield code="l">0</subfield>
    <subfield code="o">BNPHU PD xxx T913</subfield>
    <subfield code="p">2025-8384</subfield>
    <subfield code="r">2025-08-13</subfield>
    <subfield code="t">e. 2</subfield>
    <subfield code="w">2025-08-13</subfield>
    <subfield code="y">LBS1</subfield>
  </datafield>
  <datafield tag="952" ind1=" " ind2=" ">
    <subfield code="0">0</subfield>
    <subfield code="1">0</subfield>
    <subfield code="2">ddc</subfield>
    <subfield code="5">6</subfield>
    <subfield code="7">0</subfield>
    <subfield code="8">DS</subfield>
    <subfield code="a">BNPHU</subfield>
    <subfield code="b">BNPHU</subfield>
    <subfield code="c">CT</subfield>
    <subfield code="d">2025-07-01</subfield>
    <subfield code="e">Dep&#xF3;sito Legal Banco Central</subfield>
    <subfield code="l">0</subfield>
    <subfield code="o">BNPHU DS xxx T913</subfield>
    <subfield code="p">2025-8385</subfield>
    <subfield code="r">2025-08-13</subfield>
    <subfield code="t">e. 3</subfield>
    <subfield code="w">2025-08-13</subfield>
    <subfield code="y">LBS1</subfield>
  </datafield>
  <datafield tag="999" ind1=" " ind2=" ">
    <subfield code="c">59782</subfield>
    <subfield code="d">59782</subfield>
  </datafield>
</record>
